000 00859nam a2200217Ia 4500
999 _c39449
_d39449
001 6042
003 GE_BSU
005 20190911121916.0
008 181216s1971||||ge |||||||||||||| ||gre||
040 _cGE_BSU
041 _ageo
080 _a821.353.1-31 ა-30
100 _aავალიანი, ლადო
_93908
245 _aახალი ჰორიზონტი :
_bრომანი სამ ტომად /
_cლადო ავალიანი ; რედ. ქ. თავაძე.
264 _aთბილისი :
_bსაბჭოთა საქართველო ;
_c1971.
300 _a996 გვ. :
_bფოტო ;
_c 22 სმ.
653 _aახალი ჰორიზონტი
653 _aრომანი
700 _aთავაძე, ქ.
_eრედაქტორი
_93956
942 _cBK
_2udc